Statistics for 2010 College Bowl Games Quiz

Click here to take the quiz!

General Stats

  • This quiz has been taken 2,914 times
    (2,913 since last reset)
  • The average score is 12 of 35

Answer Stats

Bowl Game % Correct
Rose
94%
Orange
87%
Sugar
81%
Fiesta
80%
BCS Championship
77%
Cotton
71%
Gator
50%
Capital One
50%
Outback
45%
Sun
43%
Hawaii
42%
Alamo
40%
Holiday
38%
Chick-fil-A
36%
Armed Forces
36%
Meineke Car Care
31%
Music City
30%
Texas
29%
Liberty
28%
Maaco Bowl
28%
Poinsettia
27%
Independence
26%
Pinstripe
24%
Humanitarian
21%
New Orleans
20%
New Mexico
20%
Little Caesars Pizza
20%
Insight
20%
GoDaddy.com
19%
Champs Sports
17%
Military
17%
Fight Hunger
16%
Beef 'O' Brady's
13%
BBVA Compass
12%
TicketCity
9%

Score Distribution

Percentile by Number Answered

Percent of People with Each Score

Your Score History

You have not taken this quiz since the last reset